000 01020nam a2200301Ia 4500
003 OSt
005 20221005043909.0
006 a|||||r|||| 00| 0
007 ta
008 221004b |||||||| |||| 00| 0 eng d
020 _a0754617491
_c1979.87
024 _a82916
037 _b2841, 30/03/2005, The Book Seller
_cTextual
040 _aCRL
_cCRL
_beng
041 _2eng
_aeng
082 _aX:97M.1'N9, P3
100 _aTelo Mario Ed.
_940927
245 0 _aEuropean union and new regionalism
_b Regional actors and global governance in a post-hegemonic era edited by Mario Telo
260 _aHants
_bAshgate Publishing Limited U. K.
_c2003
300 _a330p.
_ccm.
490 _aInternational political economy of new regionalisms series
650 _a ECONOMICS
650 _a GLOBALIZATION
650 _a REGIONALISM
_9222849
650 _aEUROPEAN UNION
_9552221
942 _hX:97M.1'N9, P3
_cTEXL
_2cc
999 _c952558
_d952558